Catálogo Biblioteca Central

Hibernatus, le droit, les droits de l'homme et la mort (Registro nro. 110231)

Detalles MARC
000 -CABECERA
campo de control de longitud fija 00659naa a2200193 4500
001 - NÚMERO DE CONTROL
campo de control 110231
003 - IDENTIFICADOR DEL NÚMERO DE CONTROL
campo de control ES-MaBCM
005 - FECHA Y HORA DE LA ÚLTIMA TRANSACCIÓN
campo de control 20241016140425.0
008 - CÓDIGOS DE INFORMACIÓN DE LONGITUD FIJA
campo de control de longitud fija 050808s2005 fra|r0p 0 ||fre d
021 ## -
-- xx
035 ## - NÚMERO DE CONTROL DEL SISTEMA
Número de control de sistema (OCoLC)1365260835
040 ## - FUENTE DE LA CATALOGACIÓN
Centro transcriptor ES-MaBCM
100 1# - PUNTO DE ACCESO PRINCIPAL - NOMBRE DE PERSONA
Nombre de persona Michel, Jérôme
9 (RLIN) 62387
245 00 - MENCIÓN DE TÍTULO
Título Hibernatus, le droit, les droits de l'homme et la mort
Resto del título : le juge administratif face à la cryogénisation
Mención de responsabilidad etc. Jérôme Michel
520 0# - SUMARIO, ETC.
Sumario etc. Estudia el problema de la criogenización en Francia
651 14 - PUNTO DE ACCESO ADICIONAL DE MATERIA--NOMBRE GEOGRÁFICO
Nombre geográfico Francia
9 (RLIN) 115364
773 0# - ENLACE AL DOCUMENTO FUENTE
Encabezamiento principal En:
Título . Recueil Dalloz
Lugar editor y fecha de publicación Paris
Número de control del registro relacionado 105307
Parte(s) relacionada(s) 181 année (2005) nº 26 (juin), p. 1742-1747
942 ## - ELEMENTOS DE PUNTO DE ACCESO ADICIONAL (KOHA)
Tipo de ítem Koha Artículos de revistas
Existencias
Estado de retiro Estado de pérdida Estado dañado No para préstamo Localización permanente Ubicación/localización actual Fecha de adquisición Precio válido a partir de Tipo de ítem Koha
        Biblioteca Central del Ministerio de la Presidencia Biblioteca Central del Ministerio de la Presidencia 21/04/2012 21/04/2012 Artículos de revistas